Thought and experience in prose
Saved in:
| Format: | Book |
|---|---|
| Language: | English |
| Published: |
New York, Estados Unidos
Oxfoes University Press
1951
|
| Subjects: | |
| Tags: |
Add Tag
No Tags, Be the first to tag this record!
|
MARC
| LEADER | 00000nam a2200000Ia 4500 | ||
|---|---|---|---|
| 008 | 170316s9999 xx 000 0 eng d | ||
| 040 | |a cru BVZT | ||
| 090 | |a C-810 T-1.1t | ||
| 245 | |a Thought and experience in prose | ||
| 260 | |a New York, Estados Unidos | ||
| 260 | |b Oxfoes University Press | ||
| 260 | |c 1951 | ||
| 300 | |a 661 páginas | ||
| 650 | |a LITERATURA ESTADOUNIDENSE | ||
| 650 | |a CRÍTICA | ||
| 942 | |c 15 D | ||
| 999 | |c 12876 |d 12876 | ||
